000 nam a22 7a 4500
999 _c233256
_d233256
003 Nust
005 20170306111813.0
008 170306b xxu||||| |||| 00| 0 eng d
040 _cDLC
082 _a307.14 GRU
100 _aGrun,R.E.
245 _aMonitoring and Evaluating Projects : a step by step primer on monitoring,benchmarking and impact evaluation
260 _aWashington :
_c2006
300 _a44p
_c27cm
942 _2ddc
_cBK